Kamba customary law : (Record no. 13770)
[ view plain ]
| 000 -LEADER | |
|---|---|
| fixed length control field | 00729cam a22002292 4500 |
| 001 - CONTROL NUMBER | |
| control field | 0000020075 |
| 005 - DATE AND TIME OF LATEST TRANSACTION | |
| control field | 20151217155905.0 |
| 008 - FIXED-LENGTH DATA ELEMENTS--GENERAL INFORMATION | |
| fixed length control field | 110628s xx 000 0 eng d |
| 040 ## - CATALOGING SOURCE | |
| Original cataloging agency | KABU |
| Transcribing agency | KABU |
| 100 1# - MAIN ENTRY--PERSONAL NAME | |
| Personal name | Penwill, D. J. |
| -- | 0000180152 |
| 245 10 - TITLE STATEMENT | |
| Title | Kamba customary law : |
| Remainder of title | notes taken in the Machakos District of Kenya / |
| Statement of responsibility, etc. | by D. J. Penwill. |
| 250 ## - EDITION STATEMENT | |
| Edition statement | 1st ed. |
| 260 ## - PUBLICATION, DISTRIBUTION, ETC. (IMPRINT) | |
| Place of publication, distribution, etc. | Nairobi : |
| Name of publisher, distributor, etc. | K. L. B., |
| Date of publication, distribution, etc. | 1951. |
| 300 ## - PHYSICAL DESCRIPTION | |
| Extent | pp 33 - 55. |
| 500 ## - GENERAL NOTE | |
| General note | Photocopy. |
| 650 #0 - SUBJECT ADDED ENTRY--TOPICAL TERM | |
| Topical term or geographic name as entry element | Laws, Kamba. |
| -- | 0000180153 |
| 650 #0 - SUBJECT ADDED ENTRY--TOPICAL TERM | |
| Topical term or geographic name as entry element | Customary law |
| Geographic subdivision | Kenya. |
| -- | 0000161214 |
| 908 ## - PUT COMMAND PARAMETER (RLIN) | |
| Put command parameter | 110628 |
| 950 ## - LOCAL HOLDINGS (RLIN) | |
| -- | 1 |
| Withdrawn status | Lost status | Source of classification or shelving scheme | Not for loan | Home library | Current library | Date acquired | Total Checkouts | Full call number | Barcode | Date last seen | Price effective from | Koha item type |
|---|---|---|---|---|---|---|---|---|---|---|---|---|
| Library of Congress Classification | Kabarak, Main Campus | Kabarak, Main Campus | 17/12/2015 | KQ9000 .K36P46 1951 c. 1 | 18981 | 17/12/2015 | 17/12/2015 | Africana Collection | ||||
| Library of Congress Classification | Kabarak, Main Campus | Kabarak, Main Campus | 17/12/2015 | KQ9000 .K36P46 1951 c. 2 | 18984 | 17/12/2015 | 17/12/2015 | Africana Collection |